| 000 | 00639cab a2200253 4500 | ||
|---|---|---|---|
| 001 | X129022 | ||
| 008 | 050310n2005 000 0 eng u | ||
| 035 | _a(Sirsi) u129022 | ||
| 245 | _aRegional: Sussex | ||
| 260 | _c2005 | ||
| 490 |
_aProperty Week _v70(8) 25 February 2005, 87-98(8) |
||
| 590 | _aABS | ||
| 650 | _aBEXHILL-ON-SEA | ||
| 650 | _aCRAWLEY | ||
| 650 | _aGATWICK | ||
| 650 | _aBRIGHTON | ||
| 650 | _aRETAIL | ||
| 650 | _aMIXED-USE DEVELOPMENTS | ||
| 650 | _aOFFICES | ||
| 650 | _aINDUSTRIAL | ||
| 650 |
_aInvestments _96250 |
||
| 690 | _aPROPERTY-COMMERCIAL PROPERTY-COMMERCIAL PROPERTY MARKET | ||
| 942 | _n0 | ||
| 999 |
_c74903 _d74903 |
||